000 00607nam a22001817a 4500
003 CEME
005 20210628202731.0
008 210125b xxu||||| |||| 00| 0 eng d
020 _a81-7808-862-2
040 _c.
082 _a621.382 SWA
100 _aSwaminatha, Tara .M Elden, Charles .R
_961328
245 _aWireless security and privacy best practices and design techniques
260 _aNEW DELHI
_bPEARSON EDUCATION
_c2003
300 _aXXVII,278 P
650 _aWIRELESS COMMUNICATION SYSTEMS-SECURITY MEASURES.WIRELESS COMMUNICATION SYSTEMS-DESIGN AND CONSTRUCTION.
_961329
942 _cBK
_2ddc
999 _c570817
_d570817